000 00590nam a22001817a 4500
003 UA-OsUOA
001 15879
007 ta
008 20031210b un ||||| |||| 00| 0 ukr d
100 _aПащук І.
942 _cSA
040 _aUA-OsUOA
_cUA-OsUOA
_dUA-OsUOA
245 _aПишемо історію рідного краю
_b[Про обл. краєзн. т-во Всеукр. спілки краєзнавців ]
300 _aС.5
955 _a0
773 0 _w0
_tВісті Рівненщини
_dРівне
_d2003
_g№90/29 жовт./
650 7 _aКраєзнавство
_2UDC
999 _c302044
_d302044